000
00326nam a2200121Ia 4500
008
220204s9999 xx 000 0 und d
082
_a
030.8:801.323.9
_b
DOO
245
0
_a
Five language European dictionary
260
_a
Great Britain
_b
London editions
_c
1977
700
_a
Doorian, A F
700
_a
Morris, Gwyn
942
_c
BK
999
_c
28102
_d
28102